Adapting health communication to cultural needs : (Record no. 18915)

000 -LEADER
fixed length control field 01010cam a22003014a 4500
020 ## - INTERNATIONAL STANDARD BOOK NUMBER
ISBN 9789027232472 (hb : alk. paper)
020 ## - INTERNATIONAL STANDARD BOOK NUMBER
ISBN 9027232474 (hb : alk. paper)
040 ## - CATALOGING SOURCE
Transcribing agency DLC
082 00 - DEWEY DECIMAL CLASSIFICATION NUMBER
Classification number 362 JOH 2008 C154 Or.
245 00 - TITLE STATEMENT
Title Adapting health communication to cultural needs :
Remainder of title optimizing documents in South-African health communication on HIV and AIDS /
260 ## - PUBLICATION, DISTRIBUTION, ETC. (IMPRINT)
Place of publication Amsterdam ;
-- Philadelphia :
Name of publisher John Benjamins Pub. Co.,
Year of publication c2008.
300 ## - PHYSICAL DESCRIPTION
Number of Pages 178 p. :
Other physical details ill. ;
Dimensions 25 cm.
650 #0 - SUBJECT ADDED ENTRY--TOPICAL TERM
Topical Term AIDS (Disease)
650 #0 - SUBJECT ADDED ENTRY--TOPICAL TERM
Topical Term HIV infections
650 #0 - SUBJECT ADDED ENTRY--TOPICAL TERM
Topical Term Communication in medicine
650 #0 - SUBJECT ADDED ENTRY--TOPICAL TERM
Topical Term Intercultural communication
650 #0 - SUBJECT ADDED ENTRY--TOPICAL TERM
Topical Term Health education
650 12 - SUBJECT ADDED ENTRY--TOPICAL TERM
Topical Term HIV Infections
650 22 - SUBJECT ADDED ENTRY--TOPICAL TERM
Topical Term Communication
650 22 - SUBJECT ADDED ENTRY--TOPICAL TERM
Topical Term Cultural Characteristics
650 22 - SUBJECT ADDED ENTRY--TOPICAL TERM
Topical Term Cultural Competency
650 22 - SUBJECT ADDED ENTRY--TOPICAL TERM
Topical Term Health Education
650 22 - SUBJECT ADDED ENTRY--TOPICAL TERM
Topical Term Health Promotion
700 1# - ADDED ENTRY--PERSONAL NAME
Personal name Swanepoel, Piet,
700 1# - ADDED ENTRY--PERSONAL NAME
Personal name Hoeken, Hans,
856 41 - ELECTRONIC LOCATION AND ACCESS
Uniform Resource Identifier http://www.loc.gov/catdir/toc/ecip0816/2008018019.html
942 ## - ADDED ENTRY ELEMENTS (KOHA)
Koha item type ADB
952 ## - LOCATION AND ITEM INFORMATION (KOHA)
Withdrawn status [LOCAL, KOHA] 0
Holdings
Koha item type Source of acquisition Lost status Permanent Location Current Location Date acquired Full call number
សៀវភៅភាសាអង់គ្លេសA38538 Library Block CLibrary Block C2020-02-11362 JOH 2008 C154 Or.
មជ្ឈមណ្ឌលឯការនៃសាកលវិទ្យាល័យភូមិន្ទកសិកម្មចំការដូង

Powered by Koha